La fuerza de la idea democrática : (Record no. 1589)

000 -CABECERA
fixed length control field 01134nam a22002537a 4500
003 - IDENTIFICADOR DEL NÚMERO DE CONTROL
control field AR-CdUCM
008 - DATOS DE LONGITUD FIJA--INFORMACIÓN GENERAL
fixed length control field 190227b ||||| |||| 00| 0 spa d
040 ## - FUENTE DE LA CATALOGACIÓN
Agencia/entidad que catalogó originalmente la obra MUNICIPALIDAD PROVINCIAL DEL CUSCO
Entidad que transcribió la catalogación BIBLIOTECA MUNICIPAL DEL CUSCO
082 ## - NÚMERO DE LA CLASIFICACIÓN DECIMAL DEWEY
No. de Clasificación 321 /
Notacion interna R72
100 ## - ENTRADA PRINCIPAL--NOMBRE DE PERSONA
Nombre Personal Rockefeller,Brother Fund
245 ## - MENCIÓN DE TÍTULO
Título La fuerza de la idea democrática :
Resto del título informe número VI del Fondo de los Hermanos Rockeller, programa de Estudios Especiales /
260 ## - PUBLICACIÓN, DISTRIBUCIÓN, ETC.
Lugar de publicación, distribución, etc. México D. F. :
Nombre de la editorial, distribuidor, etc. UTEHA,
Fecha de publicación, distribución, etc. 1964.
300 ## - DESCRIPCIÓN FÍSICA
Nº de Páginas Extensión XII, 112 páginas ;
Dimensiones 18 cm.
440 ## - MENCIÓN DE SERIE/PUNTO DE ACCESO ADICIONAL--TÍTULO
Título Manuales Uteha.
Número de la parte/sección de una obra Sección 14
-- Ciencias sociales 212
9 (RLIN) 5969
505 ## - NOTA DE CONTENIDO CON FORMATO
Nota de contenido formateada Contenido: Los ideales de la democracia -- El consenso, dentro de la sociedad democrática -- Condiciones sociales de un consenso democrático -- El consentimiento de los gobernadores -- el sector privado ...
650 ## - PUNTO DE ACCESO ADICIONAL DE MATERIA--TÉRMINO DE MATERIA
Descriptor Democracia
9 (RLIN) 2598
650 ## - PUNTO DE ACCESO ADICIONAL DE MATERIA--TÉRMINO DE MATERIA
Descriptor Ciencias Políticas
9 (RLIN) 3123
650 ## - PUNTO DE ACCESO ADICIONAL DE MATERIA--TÉRMINO DE MATERIA
Descriptor Manuales
9 (RLIN) 5970
700 ## - PUNTO DE ACCESO ADICIONAL--NOMBRE DE PERSONA
Nombre Personal De Carbajal, Alicia B. (traducción)
9 (RLIN) 5971
942 ## - ELEMENTOS DE PUNTO DE ACCESO ADICIONAL (KOHA)
Fuente de clasificación
Tipo de item Libros-BMC
945 ## - PROCESAMIENTO DE INFORMACIÓN LOCAL (OCLC)
Catalogador achl
Holdings
Estado de retiro (separado) Fuente de clasificación o esquema de estanterías Estado dañado Ubicación Sala donde se ubica Nombre de la colección Fecha de adquisición o compra Costo, precio normal en soles Signatura topográfica Código de Barras Última vez visto (Koha) Tipo de ítem (Koha)
No     Sala Humanidades Sala Humanidades Book Cart 2019-02-27 30.00 321 / R72 SH0000001683 2019-02-27 Libros-BMC
No     Sala Humanidades Sala Humanidades Book Cart 2019-02-27 30.00 321 / R72 / e.2 SH0000001685 2019-02-27 Libros-BMC

Powered by Koha